Toutes les gares SNCF depuis Toulouse - Statistiques

Statistiques générales
  • Ce quiz a été pris 143 fois
  • Le résultat moyen est 81 sur 257
Statistiques - réponses
Ligne Department Gare % Correct
Intercité Entre-Deux-Mers | TGV INOUI et OUIGO Toulouse - Paris Gironde Bordeaux-Saint Jean
84%
Intercité Entre-Deux-Mers | TER LiO - Méditerranée | TER LiO - Pays Cathare / Roussillon | TGV INOUI Toulouse - Lyon Aude Carcassonne
80%
Intercité Entre-Deux-Mers | TER LiO - Nord-Ouest | TGV INOUI et OUIGO Toulouse - Paris Lot-et-Garonne Agen
78%
Intercité Entre-Deux-Mers | TER LiO - Méditerranée | TER LiO - Pays Cathare / Roussillon | TGV INOUI Toulouse - Lyon Aude Narbonne
78%
TGV INOUI et OUIGO Toulouse - Paris Paris Paris-Montparnasse
78%
Intercité Entre-Deux-Mers | TGV INOUI et OUIGO Toulouse - Paris Tarn-et-Garonne Montauban-Ville-Bourbon
76%
Intercité Entre-Deux-Mers | TER LiO - Méditerranée | TGV INOUI Toulouse - Lyon Hérault Béziers
73%
Intercité POLT | Intercité de Nuit Paris - Pyrénées Paris Paris-Austerlitz
69%
Intercité POLT | TER LiO - Nord Lot Cahors
68%
Intercité Entre-Deux-Mers Bouches-du-Rhône Marseille - Saint Charles
68%
Intercité Sud-Ouest | TER LiO - Sud-Ouest Pyrénées-Atlantiques Pau
67%
Intercité Sud-Ouest | TER LiO - Sud-Ouest Hautes-Pyrénées Tarbes
67%
TER LiO - Pays Cathare / Roussillon Pyrénées-Orientales Perpignan
66%
Intercité Entre-Deux-Mers | TER LiO - Méditerranée | TGV INOUI Toulouse - Lyon Hérault Sète
66%
TER LiO - Tarn/Aveyron Aveyron Rodez
65%
Intercité de Nuit Paris - Pyrénées | TER LiO - Pyrénées Ariège Foix
62%
TER LiO - Gers Gers Auch
61%
Intercité Entre-Deux-Mers Hérault Montpellier - Saint Roch
61%
TER LiO - Méditerranée Hérault Montpellier - Saint-Roch
61%
TGV INOUI Toulouse - Lyon Rhône Lyon - Part-Dieu
60%
Intercité Sud-Ouest Pyrénées-Atlantiques Bayonne
59%
Intercité POLT | TER LiO - Nord Corrèze Brive-la-Gaillarde
59%
TER LiO / AuRA - Massif Central Puy-de-Dome Clermont-Ferrand
58%
Intercité POLT Haute-Vienne Limoges
58%
Intercité Sud-Ouest | TER LiO - Sud-Ouest Hautes-Pyrénées Lourdes
56%
TER LiO - Gers | TER LiO - Pyrénées Haute-Garonne Saint-Agne
55%
TER LiO - Sud du Tarn Tarn Castres
53%
Intercité POLT | Intercité de Nuit Paris - Pyrénées | TER LiO - Nord | TER LiO - Nord-Ouest Tarn-et-Garonne Montauban-Ville-Bourbon
52%
Intercité Sud-Ouest Pyrénées-Atlantiques Biarritz
51%
Intercité Sud-Ouest Pyrénées-Atlantiques Hendaye
51%
TER LiO - Sud-Ouest Haute-Garonne Muret
51%
Intercité de Nuit Paris - Pyrénées | TER LiO - Pyrénées Ariège Pamiers
49%
Intercité Entre-Deux-Mers Gard Nimes - Centre
48%
TER LiO - Méditerranée Gard Nîmes - Centre
48%
Intercité Sud-Ouest | TER LiO - Sud-Ouest Haute-Garonne Saint-Gaudens
48%
TGV INOUI Toulouse - Lyon Hérault Montpellier - Sud de France
47%
TGV INOUI Toulouse - Lyon Drome Valence TGV
47%
TER LiO - Gers Haute-Garonne Colomiers
46%
Intercité Entre-Deux-Mers Lot-et-Garonne Marmande
45%
TER LiO / AuRA - Massif Central Cantal Aurillac
44%
TGV INOUI Toulouse - Lyon Gard Nîmes - Pont du Gard
44%
Intercité de Nuit Paris - Pyrénées | TER LiO - Pyrénées Ariège Ax-les-Thermes
42%
Intercité Entre-Deux-Mers Bouches-du-Rhône Arles
41%
Intercité POLT Indre Chateauroux
41%
TER LiO / AuRA - Massif Central Lot Figeac
41%
TER LiO - Méditerranée | TER LiO - Pays Cathare / Roussillon Aude Castelnaudary
40%
TER LiO - Méditerranée Hérault Agde
39%
TER LiO - Tarn/Aveyron Tarn Albi - Ville
39%
Intercité Sud-Ouest Pyrénées-Atlantiques Orthez
39%
Intercité de Nuit Paris - Pyrénées Pyrénées-Orientales Latour-de-Carol - Enveitg
37%
Intercité POLT Cher Vierzon
37%
TER LiO - Tarn/Aveyron | TER LiO / AuRA - Massif Central Tarn Gaillac
35%
Intercité POLT Creuse La Souterraine
35%
Intercité POLT | Intercité de Nuit Paris - Pyrénées Loiret Les Aubrais
35%
Intercité POLT | TER LiO - Nord Lot Gourdon
34%
TER LiO - Méditerranée | TER LiO - Pays Cathare / Roussillon Aude Lézignan-Corbières
33%
TER LiO - Sud du Tarn Tarn Mazamet
33%
Intercité POLT | TER LiO - Nord Tarn-et-Garonne Caussade
32%
Intercité Sud-Ouest | TER LiO - Sud-Ouest Hautes-Pyrénées Lannemezan
32%
TER LiO - Méditerranée | TER LiO - Pays Cathare / Roussillon Haute-Garonne Montaudran
32%
TER LiO - Nord | TER LiO - Nord-Ouest Haute-Garonne Saint-Jory
32%
Intercité de Nuit Paris - Pyrénées | TER LiO - Pyrénées Ariège Tarascon-sur-Ariège
32%
TER LiO - Gers Gers L'Isle-Jourdain
31%
TER LiO - Sud du Tarn | TER LiO - Tarn/Aveyron | TER LiO / AuRA - Massif Central Tarn Saint-Sulpice
31%
Intercité de Nuit Paris - Pyrénées | TER LiO - Pyrénées Haute-Garonne Auterive
29%
Intercité POLT | TER LiO - Nord Lot Souillac
29%
Intercité Sud-Ouest Haute-Garonne Montréjeau - Gourdan-Polignan
28%
Intercité Sud-Ouest Pyrénées-Atlantiques Saint-Jean-de-Luz - Ciboure
28%
TER LiO / AuRA - Massif Central Aveyron Villefranche-de-Rouergue
28%
TER LiO - Sud du Tarn Tarn Lavaur
27%
TER LiO - Pyrénées | TER LiO - Sud-Ouest Haute-Garonne Portet - Saint-Simon
27%
TER LiO - Tarn/Aveyron Tarn Carmaux
26%
TER LiO - Gers Haute-Garonne Saint-Cyprien - Arènes
26%
TER LiO - Méditerranée | TER LiO - Pays Cathare / Roussillon Aude Bram
25%
TER LiO - Méditerranée Hérault Frontignan
25%
TER LiO - Gers Haute-Garonne Pibrac
25%
Intercité de Nuit Paris - Pyrénées | TER LiO - Pyrénées Ariège Saverdun
25%
TER LiO - Méditerranée | TER LiO - Pays Cathare / Roussillon Haute-Garonne Labège-Innopôle
24%
TER LiO - Tarn/Aveyron Tarn Albi - Madeleine
23%
TER LiO - Sud-Ouest Haute-Garonne Boussens
23%
TER LiO - Nord | TER LiO - Nord-Ouest Haute-Garonne Lacourtensourt
23%
TER LiO - Méditerranée Hérault Lunel
23%
Intercité de Nuit Paris - Pyrénées | TER LiO - Pyrénées Pyrénées-Orientales Porté - Puymorens
23%
Intercité de Nuit Paris - Pyrénées | TER LiO - Pyrénées Ariège Andorre - L'Hospitalet
22%
TER LiO - Nord | TER LiO - Nord-Ouest Haute-Garonne Castelnau-d'Estrétefonds
22%
TER LiO - Méditerranée | TER LiO - Pays Cathare / Roussillon Haute-Garonne Escalquens
22%
TER LiO / AuRA - Massif Central Puy-de-Dome Issoire
22%
TER LiO - Pyrénées Pyrénées-Orientales Latour-de-Carol - Enveitg
22%
Intercité de Nuit Paris - Pyrénées | TER LiO - Pyrénées Ariège Les Cabannes
22%
TER LiO - Nord-Ouest Tarn-et-Garonne Moissac
22%
TER LiO - Sud du Tarn | TER LiO - Tarn/Aveyron | TER LiO / AuRA - Massif Central Haute-Garonne Montastruc-la-Conseillère
22%
TER LiO - Sud-Ouest Haute-Garonne Montréjeau - Gourdan-Polignan
22%
TER LiO - Méditerranée | TER LiO - Pays Cathare / Roussillon Haute-Garonne Villefranche-de-Lauragais
22%
TER LiO - Gers Haute-Garonne Colomiers - Lycée International
21%
TER LiO - Méditerranée | TER LiO - Pays Cathare / Roussillon Haute-Garonne Baziège
20%
TER LiO - Nord-Ouest Tarn-et-Garonne Castelsarrasin
20%
TER LiO - Pyrénées Haute-Garonne Cintegabelle
20%
TER LiO - Nord | TER LiO - Nord-Ouest Tarn-et-Garonne Grisolles
20%
TER LiO - Pays Cathare / Roussillon Aude Leucate-la-Franqui
20%
TER LiO - Pays Cathare / Roussillon Aude Port-la-Nouvelle
20%
TER LiO - Gers Haute-Garonne Galliéni - Cancéropôle
19%
Intercité de Nuit Paris - Pyrénées | TER LiO - Pyrénées Ariège Luzenac - Garanou
19%
TER LiO - Sud du Tarn | TER LiO - Tarn/Aveyron | TER LiO / AuRA - Massif Central Haute-Garonne Montrabé
19%
TER LiO - Gers Haute-Garonne Brax - Léguevin
18%
TER LiO / AuRA - Massif Central Aveyron Capdenac
18%
TER LiO - Méditerranée | TER LiO - Pays Cathare / Roussillon Haute-Garonne Labège-Village
18%
TER LiO - Tarn/Aveyron | TER LiO / AuRA - Massif Central Tarn Lisle-sur-Tarn
18%
Intercité de Nuit Paris - Pyrénées | TER LiO - Pyrénées Ariège Mérens-les-Vals
18%
TER LiO - Pays Cathare / Roussillon Pyrénées-Orientales Rivesaltes
18%
TER LiO - Pyrénées Haute-Garonne Pins-Justaret
17%
TER LiO - Nord-Ouest Tarn-et-Garonne Valence d'Agen
17%
TER LiO - Pyrénées Haute-Garonne Venerque-le-Vernet
17%
TER LiO - Nord Tarn-et-Garonne Albias
16%
TER LiO - Méditerranée | TER LiO - Pays Cathare / Roussillon Haute-Garonne Avignonet-Lauragais
16%
TER LiO - Sud-Ouest Haute-Garonne Carbonne
16%
TER LiO - Nord | TER LiO - Nord-Ouest Tarn-et-Garonne Dieupentale
16%
TER LiO - Sud du Tarn | TER LiO - Tarn/Aveyron | TER LiO / AuRA - Massif Central Haute-Garonne Gragnague
16%
TER LiO - Sud-Ouest Haute-Garonne Le Fauga
16%
TER LiO - Gers Gers Gimont - Cahuzac
15%
TER LiO - Méditerranée Hérault Marseillan-Plage
15%
TER LiO - Nord | TER LiO - Nord-Ouest Tarn-et-Garonne Montbartier
15%
TER LiO - Méditerranée Hérault Vias
15%
TER LiO - Méditerranée | TER LiO - Pays Cathare / Roussillon Haute-Garonne Villenouvelle
15%
TER LiO - Méditerranée | TER LiO - Pays Cathare / Roussillon Haute-Garonne Montlaur
14%
TER LiO - Tarn/Aveyron Aveyron Naucelle
14%
TER LiO - Tarn/Aveyron | TER LiO / AuRA - Massif Central Tarn Rabastens - Couffouleux
14%
TER LiO - Pyrénées Ariège Saint-Jean-de-Verges
14%
TER LiO - Gers Haute-Garonne Saint-Martin-du-Touch
14%
TER LiO - Pays Cathare / Roussillon Pyrénées-Orientales Salses
14%
TER LiO - Sud-Ouest Hautes-Pyrénées Tournay
14%
TER LiO - Méditerranée Hérault Baillargues
13%
TER LiO - Sud-Ouest Hautes-Pyrénées Capvern
13%
TER LiO - Sud-Ouest Haute-Garonne Cazères-sur-Garonne
13%
TER LiO - Gers Haute-Garonne Lardenne
13%
TER LiO - Tarn/Aveyron Tarn Tanus
13%
TER LiO - Tarn/Aveyron | TER LiO / AuRA - Massif Central Tarn Tessonnières
13%
TER LiO - Gers Haute-Garonne TOEC
13%
TER LiO - Pyrénées Ariège Varilhes
13%
TER LiO - Gers Gers Aubiet
12%
TER LiO - Sud-Ouest Hautes-Pyrénées Coarraze - Nay
12%
TER LiO - Méditerranée Aude Coursan
12%
TER LiO - Nord Lot Gignac - Cressensac
12%
TER LiO - Sud du Tarn Tarn Labruguière
12%
TER LiO / AuRA - Massif Central Cantal Le Lioran
12%
TER LiO - Tarn/Aveyron Aveyron Luc-Primaube
12%
TER LiO - Tarn/Aveyron Tarn Marssac-sur-Tarn
12%
TER LiO / AuRA - Massif Central Aveyron Najac
12%
TER LiO / AuRA - Massif Central Cantal Neussargues
12%
TER LiO - Méditerranée Gard Vergèze - Codognan
12%
TER LiO - Sud-Ouest Haute-Garonne Martres-Tolosane
11%
TER LiO - Gers Haute-Garonne Mérenvielle
11%
TER LiO - Pyrénées Ariège Vernet-d'Ariège
11%
TER LiO - Méditerranée Hérault Villeneuve-lès-Maguelone
11%
TER LiO - Nord Lot Lalbenque - Fontanes
10%
TER LiO - Nord-Ouest Tarn-et-Garonne Lamagistère
10%
TER LiO - Sud-Ouest Haute-Garonne Longages - Noé
10%
TER LiO / AuRA - Massif Central Cantal Maurs
10%
TER LiO - Sud-Ouest Hautes-Pyrénées Ossun
10%
TER LiO - Sud du Tarn | TER LiO - Tarn/Aveyron | TER LiO / AuRA - Massif Central Haute-Garonne Roquesérière - Buzet
10%
TER LiO - Tarn/Aveyron Aveyron Baraqueville - Carcenac - Peyralès
9%
TER LiO / AuRA - Massif Central Puy-de-Dome Clermont - La Pardieu
9%
TER LiO - Nord Lot Dégagnac
9%
TER LiO / AuRA - Massif Central Tarn Laguépie
9%
TER LiO - Nord-Ouest Tarn-et-Garonne Lavilledieu
9%
TER LiO / AuRA - Massif Central Cantal Murat
9%
TER LiO - Gers Haute-Garonne Ramassiers
9%
TER LiO - Sud-Ouest Haute-Garonne Saint-Martory
9%
TER LiO - Méditerranée Hérault Vic - Mireval
9%
TER LiO / AuRA - Massif Central Cantal Vic-sur-Cère
9%
TER LiO - Sud du Tarn Tarn Vielmur-sur-Agout
9%
TER LiO / AuRA - Massif Central Cantal Le Rouget
8%
TER LiO / AuRA - Massif Central Haute-Loire Arvant
7%
TER LiO / AuRA - Massif Central Lot Bagnac
7%
TER LiO - Sud du Tarn Tarn Damiatte - Saint-Paul
7%
TER LiO / AuRA - Massif Central Tarn Lexos
7%
TER LiO / AuRA - Massif Central Tarn Cordes - Vindrac
6%
TER LiO / AuRA - Massif Central Cantal Massiac - Blesle
6%
TER LiO / AuRA - Massif Central Aveyron Salles-Courbatiès
6%
TER LiO / AuRA - Massif Central Puy-de-Dome Brassac-les-Mines - Sainte-Florine
4%
TER LiO - Sud du Tarn Tarn Les Cauquillous
4%
TER LiO - Sud-Ouest Haute-Garonne Labarthe-Inard
3%
TER LiO - Sud-Ouest Haute-Garonne Lestelle
3%
Aucun quiz correspondant
Distribution des résultats
% des personnes avec chaque résultat
Percentile par nombre de réponses
Votre historique - résultats
Vous n’avez pas pris ce quiz